Landlord and tenant - rent review (Record no. 69891)

MARC details
000 -LEADER
fixed length control field 00958cam a2200169 4500
001 - CONTROL NUMBER
control field WB3812-20
008 - FIXED-LENGTH DATA ELEMENTS--GENERAL INFORMATION
fixed length control field 020403n2002 000 0 eng u
035 ## - SYSTEM CONTROL NUMBER
System control number (Sirsi) u117315
245 ## - TITLE STATEMENT
Title Landlord and tenant - rent review
260 ## - PUBLICATION, DISTRIBUTION, ETC.
Date of publication, distribution, etc. 2002
490 ## - SERIES STATEMENT
Series statement Estates Gazette Case Summaries
Volume/sequential designation [2002] 12 EG 134 (CS)
520 ## - SUMMARY, ETC.
Summary, etc. "First Property Growth Parnership LP v Royal & Sun Alliance Property Services Ltd", ChD 8 March 2002. Defendant tenant (R) occupied offices under a 35-year lease. The landlord acquired the reversion of the lease but R disputed the validity of the notice contending it had to be given no later than 6 May 2000. Notice was declared invalid despite there being no date specified in the lease as the last date upon which a notice could be served.
590 ## - LOCAL NOTE (RLIN)
Local note WB
650 ## - SUBJECT ADDED ENTRY--TOPICAL TERM
Topical term or geographic name entry element FIRST PROPERTY GROWTH PARTNERSHIP LP V ROYAL AND SUN ALLIANCE PROPERTY SERVICES LTD
690 ## - LOCAL SUBJECT ADDED ENTRY--TOPICAL TERM (OCLC, RLIN)
Topical term or geographic name as entry element LANDLORD AND TENANT-RENT REVIEWS-CASE LAW
942 ## - ADDED ENTRY ELEMENTS (KOHA)
Suppress in OPAC 0
Holdings
Withdrawn status Lost status Source of classification or shelving scheme Damaged status Not for loan Home library Current library Shelving location Date acquired Total Checkouts Full call number Barcode Date last seen Copy number Price effective from Koha item type
    Dewey Decimal Classification     London London News article 03/04/2002   WB3812-20 117315-1001 06/08/2019 1 06/08/2019 Law report